| 000 | 01029nam a2200229Ia 4500 | ||
|---|---|---|---|
| 003 | Ost | ||
| 005 | 20260507075144.0 | ||
| 008 | 260507s9999||||xx |||||||||||||| ||und|| | ||
| 040 | _cfsecg | ||
| 041 | _aara | ||
| 082 | _a330 | ||
| 100 |
_aج.بارو، روبرت _eمؤلف |
||
| 245 | 0 |
_aالأسواق و الخيارات في المجتمع الحر : _bالفهم الصائب للأمور / _c روبرت ج.بارو |
|
| 260 |
_aعمان: _bدار الكتاب الحديث, _c2009 |
||
| 300 |
_a162 صفحة؛ _bإيضاحات ؛ _c24 سم |
||
| 504 | _aالمراجع ص.147؛ كشاف المواضيع ص.151 | ||
| 520 | _aالنمو الإقتصادي- السياسة النقدية والتمويلية- السياسة المالية أوالإنفاقية- الضريبة وسياسات اقتصادية كلية أخرى- قوة المنطق أو التعليل الإقتصادي | ||
| 653 | _aالأسواق | ||
| 653 | _aالإقتصاد | ||
| 653 | _aالسياسة النقدية | ||
| 942 | _cكتاب | ||
| 999 |
_c43312 _d43312 |
||